000 01218cam a22003377a 4500
003 CHAP
005 20220329140521.0
008 971013s1884 r 00010 spa d
010 _a53205
011 _a54177
035 _a58327
040 _cCHAP
082 0 4 _a667.257
_bR6
100 0 0 _aRossignon, Julio.
_9100223
245 1 0 _aManual del cultivo del añil y del nopal, o sea extracción del índigo :
_bEducación y cosecha de la cochinilla. Extracción de los principios colorantes de varias plantas tintoreales
260 _aMéxico, D. F. :
_bSecretaría de Fomento,
_c1884
300 _a232 p.
500 _ac.2 y c.3 en fotocopia
590 _aBATCH-UPD
_b10
_c20130110
_lUCH01
_h0056
590 _aBATCH-UPD
_b10
_c20130110
_lUCH01
_h1116
590 _aBATCH-UPD
_b10
_c20130410
_lUCH01
_h0706
590 _aCONVERSION
_b10
_c20130109
_lUCH01
_h1329
650 1 4 _aAnil.
_96191
650 1 4 _aCochinilla.
_924208
650 1 4 _aNopal.
_981647
901 _aBK
942 _cLIBRO
949 _a667.257 R6
_bBC
_cBPP
_d-126643
_eBPP
_h25362
_i58327
_si
949 _a667.257 R6
_bBC
_cLIBRO
_d33724000611331
_eLIBRO
_fc.2
_h90847
_i58327
_si
949 _a667.257 R6
_bBC
_cLIBRO
_d33724002342314
_eLIBRO
_fc.3
_h91248
_i58327
_si
999 _c53205
_d53205